[Event "Titled Tuesday intern op 25th Feb Early"]
[Site "Chess.com INT"]
[Date "2025.02.25"]
[Round "1"]
[White "Mammadov, Ziya"]
[Black "Shahinyan, Vladimir"]
[Result "0-1"]
[WhiteElo "1663"]
[BlackElo "2207"]
[PlyCount "48"]
[EventDate "2025.02.25"]
[EventType "swiss (blitz)"]
[EventRounds "11"]
[EventCountry "USA"]
[SourceTitle "CB10_2025"]
[SourceDate "2025.03.05"]
[SourceVersion "1"]
[SourceVersionDate "2025.03.05"]
[SourceQuality "1"]

1. e4 c6 2. d4 d5 3. exd5 cxd5 4. c4 Nf6 5. Nc3 e6 6. cxd5 Nxd5 7. Nf3 Be7 8. Bc4 0-0 9. 0-0 Nc6 10. Bxd5 exd5 11. Qb3 Bg4 12. Qxb7 Rc8 13. Be3 Bxf3 14. gxf3 Bd6 15. f4 Qh4 16. Qb5 Nxd4 17. Bxd4 Qg4+ 18. Kh1 Qxf4 19. Kg2 Qxh2+ 20. Kf3 Rfe8 21. Be3 Qh5+ 22. Kg2 Qg4+ 23. Kh1 Qh3+ 24. Kg1 Qh2# 0-1

[Event "Titled Tuesday intern op 04th Feb Early"]
[Site "Chess.com INT"]
[Date "2025.02.04"]
[Round "5"]
[White "Mammadov, Ziya"]
[Black "Alieva, Alexandra"]
[Result "1-0"]
[WhiteElo "1663"]
[BlackElo "2054"]
[PlyCount "39"]
[EventDate "2025.02.04"]
[EventType "swiss (blitz)"]
[EventRounds "11"]
[EventCountry "USA"]
[SourceTitle "CB07_2025"]
[SourceDate "2025.02.12"]
[SourceVersion "1"]
[SourceVersionDate "2025.02.12"]
[SourceQuality "1"]

1. e4 e5 2. Nf3 Nc6 3. d4 exd4 4. Bc4 d5 5. exd5 Na5 6. Bb5+ c6 7. dxc6 bxc6 8. Ba4 Bg4 9. 0-0 Nf6 10. Bd2 Rc8 11. h3 Bh5 12. Re1+ Be7 13. Bb4 Nd5 14. Bxe7 Nxe7 15. g4 Bg6 16. Qxd4 Qxd4 17. Nxd4 Rc7 18. b4 Nc4 19. Nxc6 Nb6 20. Nxe7+ 1-0

[Event "Titled Tuesday intern op 09th Jan Early"]
[Site "Chess.com INT"]
[Date "2024.01.09"]
[Round "9"]
[White "Carrillo Marval, Maria Angelica"]
[Black "Mammadov, Ziya"]
[Result "1-0"]
[WhiteElo "1693"]
[BlackElo "1438"]
[PlyCount "145"]
[EventDate "2024.01.09"]
[EventType "swiss (blitz)"]
[EventRounds "11"]
[EventCountry "USA"]
[SourceTitle "CBM 218 Extra"]
[Source "ChessBase"]
[SourceDate "2024.03.31"]
[SourceVersion "1"]
[SourceVersionDate "2024.03.31"]
[SourceQuality "1"]

1. e4 e6 2. d4 d5 3. e5 c5 4. c3 Nc6 5. Nf3 Qb6 6. a3 Nge7 7. b4 cxd4 8. cxd4 Nf5 9. Be3 a5 10. b5 Na7 11. a4 Bb4+ 12. Nbd2 Bc3 13. Rc1 Bxd4 14. Nxd4 Nxd4 15. Nb3 Qd8 16. Bxd4 Bd7 17. Be2 0-0 18. 0-0 b6 19. Qd2 Rc8 20. Rxc8 Nxc8 21. Rc1 Ne7 22. Bg4 g6 23. Qe3 Nc8 24. Qc3 h5 25. Bf3 Qg5 26. Be3 Qf5 27. h3 g5 28. Bxh5 Qe4 29. Qd4 Qf5 30. Bg4 Qg6 31. Rc7 Rd8 32. Qc3 Qb1+ 33. Kh2 Qg6 34. Rxd7 Rf8 35. Rc7 Qb1 36. Qc2 Qxc2 37. Rxc2 Ne7 38. Nd4 Ng6 39. Bxg5 Nxe5 40. Bf6 Nd7 41. Bh4 Nc5 42. Ra2 Rc8 43. Nc6 f5 44. Ne7+ Kf7 45. Nxc8 fxg4 46. hxg4 e5 47. Nxb6 d4 48. Nc4 d3 49. Nxe5+ Ke6 50. Nxd3 Nxd3 51. Re2+ Kf7 52. b6 Nc5 53. Re5 Nb7 54. Rb5 Kg6 55. Bg3 Kf7 56. f4 Ke6 57. Kh3 Nd6 58. Rxa5 Nc4 59. f5+ Kf6 60. Rb5 Nd2 61. b7 Kg5 62. f6+ Kg6 63. b8Q Ne4 64. Qg8+ Kxf6 65. Rf5+ Ke7 66. Qf8+ Ke6 67. Re5+ Kd7 68. Rxe4 Kc6 69. Re5 Kd7 70. Qf7+ Kd6 71. Qf6+ Kd7 72. Re7+ Kd8 73. Qf8# 1-0